Facilities Management Outsourcing (Record no. 84995)
[ view plain ]
| 000 -LEADER | |
|---|---|
| fixed length control field | 01236cab a22002175a 4500 |
| 001 - CONTROL NUMBER | |
| control field | L159818 |
| 008 - FIXED-LENGTH DATA ELEMENTS--GENERAL INFORMATION | |
| fixed length control field | 180220e2018 xxk 000 0 eng d |
| 035 ## - SYSTEM CONTROL NUMBER | |
| System control number | (Sirsi) u159818 |
| 041 0# - LANGUAGE CODE | |
| Language code of text/sound track or separate title | eng |
| 110 2# - MAIN ENTRY--CORPORATE NAME | |
| Corporate name or jurisdiction name as entry element | AMA Research |
| 9 (RLIN) | 6194 |
| 245 00 - TITLE STATEMENT | |
| Title | Facilities Management Outsourcing |
| Remainder of title | Health and Education Sector Report UK 2018-2022 Summary Findings |
| Medium | [electronic resource] |
| 260 ## - PUBLICATION, DISTRIBUTION, ETC. | |
| Place of publication, distribution, etc. | Cheltenham |
| Name of publisher, distributor, etc. | AMA Research |
| Date of publication, distribution, etc. | 2018 |
| 520 ## - SUMMARY, ETC. | |
| Summary, etc. | Assesses the potential for facilities management (FM) outsourcing within the healthcare and education industries which is considered moderately positive over the short to medium term. Although growth within both sectors is likely to depend upon the prevailing political and economic situation, Government encouragement of greater private sector involvement is expected to continue. Summaries key findings, full report is available to purchase from AMA Research [email protected] (0)1242 235724. |
| 590 ## - LOCAL NOTE (RLIN) | |
| Local note | NTK |
| 650 24 - SUBJECT ADDED ENTRY--TOPICAL TERM | |
| Topical term or geographic name entry element | OUTSOURCING |
| 650 24 - SUBJECT ADDED ENTRY--TOPICAL TERM | |
| Topical term or geographic name entry element | HEALTHCARE |
| 650 ## - SUBJECT ADDED ENTRY--TOPICAL TERM | |
| Topical term or geographic name entry element | EDUCATION BUILDINGS |
| 690 ## - LOCAL SUBJECT ADDED ENTRY--TOPICAL TERM (OCLC, RLIN) | |
| Topical term or geographic name as entry element | Facilities management |
| 9 (RLIN) | 6240 |
| 856 40 - ELECTRONIC LOCATION AND ACCESS | |
| Uniform Resource Identifier | <a href="https://www.amaresearch.co.uk/products/fm-health-education-2018">https://www.amaresearch.co.uk/products/fm-health-education-2018</a> |
| Public note | View the item free of charge from the www.amaresearch.co.uk |
| 942 ## - ADDED ENTRY ELEMENTS (KOHA) | |
| Suppress in OPAC | 0 |
| Withdrawn status | Lost status | Source of classification or shelving scheme | Damaged status | Not for loan | Home library | Current library | Shelving location | Date acquired | Total Checkouts | Full call number | Barcode | Date last seen | Copy number | Price effective from | Koha item type |
|---|---|---|---|---|---|---|---|---|---|---|---|---|---|---|---|
| Dewey Decimal Classification | Virtual | Virtual | Online | 20/02/2018 | ONLINE PUBLICAITON | 159818-2001 | 06/08/2019 | 1 | 06/08/2019 | Book |